00482 2200193 4500001002100000005001500021035002000036007000300056008004100059020002200100082000800122084001400130100000900144245006100153260002600214300001700240650001200257856001900269INLIS00000000000817520260127115403 a0010-0126000172ta260127 0 ind  a978-979-044-994-7 a615 a615 LOY i0 aLOYD1 aILMU & TEKNOLOGI PERACIKAN SEDIAAN FARMASI VOL.2 /cLOYD aJAKARTA :bEGC,c2023 a273 ;c29 cm 4aFARMASI aALUMNI FARMASI